[Event "Belt Road Women 2019"]
[Site "Shaoxing"]
[Date "2019.07.15"]
[Round "7.16"]
[White "Song, Yuxin"]
[Black "Zhang, Yuxuan"]
[Result "1-0"]
[WhiteElo "2277"]
[BlackElo "1987"]
[Annotator "RC"]
[PlyCount "105"]
[EventDate "2019.07.08"]
[EventType "swiss"]
[EventCountry "CHN"]
[SourceTitle "playchess.com"]
[Source "ChessBase"]
[SourceQuality "1"]
[TimeControl "5400+30"]

1. d4 {[%emt 0:00:00]} Nf6 {[%emt 0:00:00]} 2. Nf3 {[%emt 0:00:00]} g6 {[%emt 0:00:00]} 3. Nbd2 {[%emt 0:00:00]} Bg7 {[%emt 0:00:17]} 4. e4 {[%emt 0:00:06]} d6 {[%emt 0:00:19]} 5. Bb5+ {[%emt 0:00:07]} c6 {[%emt 0:00:41]} 6. Bd3 {[%emt 0:00:08]} O-O {[%emt 0:00:24]} 7. O-O {[%emt 0:00:10]} Bd7 {[%emt 0:01:45]} 8. Re1 Qc7 {[%emt 0:04:42]} 9. c3 {[%emt 0:13:20]} a5 {[%emt 0:02:20]} 10. h3 {[%emt 0:07:05]} Rd8 {[%emt 0:05:11]} 11. Nf1 {[%emt 0:04:41]} c5 {[%emt 0:03:58]} 12. Be3 {[%emt 0:09:18]} c4 {[%emt 0:04:48]} 13. Bc2 {[%emt 0:00:43]} b5 {[%emt 0:00:17]} 14. Qd2 {[%emt 0:02:48]} Na6 {[%emt 0:03:49]} 15. Bf4 {[%emt 0:03:42]} Bc6 {[%emt 0:04:38]} 16. Ng3 {[%emt 0:03:59]} e5 {[%emt 0:07:20]} 17. Bg5 {[%emt 0:02:32]} Re8 {[%emt 0:03:23]} 18. d5 {[%emt 0:05:28]} Bd7 {[%emt 0:00:19]} 19. Nh2 {[%emt 0:00:13]} b4 {[%emt 0:06:35]} 20. h4 {[%emt 0:06:23]} Ng4 {[%emt 0:09:22]} 21. Nxg4 {[%emt 0:09:00]} Bxg4 {[%emt 0:00:09]} 22. Nf1 {[%emt 0:00:07]} Rab8 {[%emt 0:02:22]} 23. Ne3 {[%emt 0:07:40]} Bd7 {[%emt 0:00:10]} 24. h5 {[%emt 0:00:33]} a4 {[%emt 0:03:39]} 25. hxg6 {[%emt 0:04:39]} hxg6 {[%emt 0:00:12]} 26. Rec1 {[%emt 0:01:11]} a3 {[%emt 0:02:20]} 27. b3 {[%emt 0:00:13]} cxb3 {[%emt 0:02:42]} 28. Bxb3 {[%emt 0:00:00]} bxc3 {[%emt 0:00:46]} 29. Rxc3 {[%emt 0:02:24]} Nc5 {[%emt 0:00:17]} 30. Bc2 {[%emt 0:00:01]} Rb2 {[%emt 0:00:56]} 31. Nd1 {[%emt 0:01:12]} Qa5 {[%emt 0:12:39]} 32. Qe3 {[%emt 0:01:06]} Rb4 {[%emt 0:05:22]} 33. Rxa3 {[%emt 0:00:17]} Qb5 {[%emt 0:00:13]} 34. Rc3 {[%emt 0:03:14]} f5 {[%emt 0:02:59]} 35. a3 {[%emt 0:00:15]} Rd4 {[%emt 0:02:31]} 36. f3 {[%emt 0:02:48]} f4 {[%emt 0:02:19]} 37. Qf2 {[%emt 0:02:20]} Qa5 {[%emt 0:00:31]} 38. Rc1 {[%emt 0:00:57]} Bb5 {[%emt 0:01:56]} 39. g3 {[%emt 0:04:39]} Bd3 {[%emt 0:01:57]} 40. Rb1 {[%emt 0:03:06]} fxg3 {[%emt 0:00:21]} 41. Qxg3 {[%emt 0:00:41]} Bxc2 {[%emt 0:00:08]} 42. Rxc2 {[%emt 0:00:00]} Qxa3 {[%emt 0:00:28]} 43. Bh6 {[%emt 0:00:50]} Kh7 {[%emt 0:04:32]} 44. Bxg7 {[%emt 0:00:17]} Kxg7 {[%emt 0:00:13]} 45. Rg2 {[%emt 0:00:08]} Rxd1+ {[%emt 0:00:56]} 46. Rxd1 {[%emt 0:00:07]} Qe3+ {[%emt 0:00:07]} 47. Kf1 {[%emt 0:01:06]} Qh6 {[%emt 0:00:24]} 48. Qg5 {[%emt 0:02:33]} Qxg5 {[%emt 0:00:23]} 49. Rxg5 {[%emt 0:00:02]} Kh6 {[%emt 0:00:09]} 50. Rg2 {[%emt 0:00:19]} Rb8 {[%emt 0:00:07]} 51. Kf2 {[%emt 0:00:30]} Rb2+ {[%emt 0:00:11]} 52. Kg3 {[%emt 0:00:01]} Kg5 {[%emt 0:00:22]} 53. Rxb2 {[%emt 0:00:03]} 1-0

[Event "Belt Road Women 2019"]
[Site "Shaoxing"]
[Date "2019.07.15"]
[Round "7.17"]
[White "Peng, Tianlu"]
[Black "Pujari, Rucha"]
[Result "0-1"]
[WhiteElo "1901"]
[BlackElo "2268"]
[Annotator "TA"]
[PlyCount "53"]
[EventDate "2019.07.08"]
[EventType "swiss"]
[EventCountry "CHN"]
[SourceTitle "playchess.com"]
[Source "ChessBase"]
[SourceQuality "1"]

{[%evp 9,53,-27,-34,-68,-38,-50,0,-34,-22,-40,-12,-9,-30,-47,-50,-54,-53,-59,-48,-53,-54,-56,-52,-84,-37,-80,-67,-118,-124,-263,-250,-266,-256,-276,-227,-227,-225,-214,-219,-225,-202,-222,-215,-215,-221,-194]} 1. e4 e5 2. Nf3 Nc6 3. d4 exd4 4. c3 d5 5. Nxd4 (5. exd5 Qxd5 6. cxd4 Bg4 7. Be2 Bb4+ 8. Nc3 Bxf3 9. Bxf3 Qc4 10. Be2 Qxd4 11. Qb3 Nge7 12. O-O O-O 13. a3 Bxc3 14. bxc3 Qb6 15. Qc2 Qc5 16. Bd3 h6 17. Rb1 b6 {1-0 (58) Nepomniachtchi,I (2757)-Grischuk,A (2766) chess.com INT 2018}) 5... dxe4 6. Bb5 {C44: Ponziani Opening and Scotch Gambit} Bd7 7. Nxc6 Bxc6 (7... bxc6 {looks sharper.} 8. Ba4 Bd6 9. Nd2 Nf6 10. Nc4 Qe7) 8. Qa4 {The position is equal.} (8. Bxc6+ {keeps more tension.} bxc6 9. Qa4 Qd5 10. O-O Nf6 11. Be3) 8... Qd5 9. Bxc6+ Qxc6 10. Qxc6+ bxc6 11. O-O f5 12. Be3 $146 ({Predecessor:} 12. Nd2 Bd6 {0-1 (23) Offergeld,F (1200)-Ramus,N (1200) DESC email 2001}) 12... Bd6 13. Nd2 Nf6 14. Nc4 Nd5 15. Rad1 O-O 16. Bd4 Nf4 17. Kh1 c5 18. Be5 ({White should try} 18. Be3 $15 Nd3 19. f3) 18... Nd3 $17 19. f4 (19. Bg3 $17 {only move.}) 19... Rad8 $19 20. Kg1 Bxe5 21. fxe5 f4 22. Rd2 {Black is clearly better.} e3 23. Re2 Rde8 24. g3 g5 ({Weaker is} 24... Nxe5 25. Nxe5 Rxe5 26. Rxf4 $11) 25. h4 Nxe5 26. Nxe5 Rxe5 27. Kg2 {Accuracy: White = 41%, Black = 67%.} 0-1

[Event "Belt Road Women 2019"]
[Site "Shaoxing"]
[Date "2019.07.16"]
[Round "8.1"]
[White "Guo, Qi"]
[Black "Stefanova, Antoaneta"]
[Result "1/2-1/2"]
[WhiteElo "2375"]
[BlackElo "2474"]
[Annotator "TA"]
[PlyCount "42"]
[EventDate "2019.07.08"]
[EventType "swiss"]
[EventCountry "CHN"]
[SourceTitle "playchess.com"]
[Source "ChessBase"]
[SourceQuality "1"]

{[%evp 18,42,0,0,5,5,9,4,12,17,10,0,0,0,0,0,0,0,0,6,8,9,8,6,6,8,51]} 1. d4 Nf6 2. c4 g6 3. Nc3 d5 4. cxd5 Nxd5 5. e4 Nxc3 6. bxc3 Bg7 7. Nf3 c5 8. h3 Nc6 9. Be3 O-O 10. Be2 {The position is equal.} cxd4 {D85: Exchange Grünfeld: Unusual White 7th moves and lines with 7 Nf3} 11. cxd4 f5 12. O-O f4 13. Bc4+ Kh8 14. Bd2 (14. Bc1 Nxd4 15. Ba3 Qa5 16. Bxe7 Re8 17. Bd6 Rxe4 18. Rc1 {0-1 (79) Van Foreest,J (2618)-Vachier Lagrave,M (2780) La Roche sur Yon 2019}) 14... Nxd4 15. Bc3 {[%cal Rc3d4]} Nxf3+ 16. Qxf3 Bd7 17. Bd5 $146 ({Predecessor:} 17. Rac1 Bc6 18. Rfd1 {½-½ (39) Khan,V (2155)-Daanen,A (2126) LSS email 2014}) 17... Qc7 18. Rac1 {[#] Bxg7+ is the strong threat.} Bxc3 19. Rxc3 Qe5 20. Bxb7 Rab8 21. Bd5 Rb4 1/2-1/2

[Event "Belt Road Women 2019"]
[Site "Shaoxing"]
[Date "2019.07.16"]
[Round "8.2"]
[White "Harika, Dronavalli"]
[Black "Kosteniuk, Alexandra"]
[Result "1-0"]
[WhiteElo "2492"]
[BlackElo "2517"]
[Annotator "TA"]
[PlyCount "55"]
[EventDate "2019.07.08"]
[EventType "swiss"]
[EventCountry "CHN"]
[SourceTitle "playchess.com"]
[Source "ChessBase"]
[SourceQuality "1"]

{[%evp 15,55,0,0,0,2,1,37,41,50,50,40,33,45,20,43,31,44,18,24,28,31,20,14,25,76,12,43,0,0,0,67,23,442,444,434,436,426,435,1919,1960,29982,1175]} 1. d4 Nf6 2. c4 e6 3. Nc3 Bb4 4. Nf3 b6 5. Bd2 Bb7 6. e3 O-O 7. Bd3 d5 8. cxd5 exd5 9. Rc1 {E52: Nimzo-Indian: Rubinstein: 4...0-0 5 Nf3 d5 6 Bd3 b6} Re8 (9... Be7 10. O-O c5 11. dxc5 bxc5 12. Na4 Nbd7 13. Bc3 Ne4 14. Bxe4 dxe4 15. Ne5 Nxe5 16. Bxe5 Qxd1 17. Rfxd1 {½-½ (30) Wang,Y (2690)-Cheparinov,I (2702) China 2018}) 10. O-O a6 11. Ne5 {White is slightly better.} c5 $146 ({Predecessor:} 11... Bd6 12. f4 c5 13. Be1 cxd4 14. exd4 Nc6 15. Ne2 Ne7 {0-1 (36) Gupta,A (2581)-Meskovs,N (2557) chess.com INT 2019}) 12. a3 Bxc3 13. Bxc3 c4 14. Bb1 Nc6 15. f4 b5 16. Be1 Ne4 17. Qh5 Qc7 18. Bxe4 dxe4 19. Bc3 Nxe5 (19... a5 $11 {remains equal.}) 20. fxe5 ({Better is} 20. dxe5 $16 Rad8 21. f5 Rxe5 22. Qg5) 20... a5 21. Rf4 Bd5 22. Rcf1 $36 {[%mdl 2048] White fights for an advantage.} h6 (22... Qb7 $1 $11) 23. Be1 Ra6 $2 {[%mdl 8192] [#]} (23... Be6 $1 $11) 24. e6 $1 $18 {[%mdl 512]} Bxe6 {[#]} (24... Raxe6 25. Qxd5) 25. d5 $1 Qc5 26. Rxf7 b4 {[#]} (26... Bxf7 $142 27. Qxf7+ {[%mdl 64] Double Attack} Kh7) 27. Rc7 $1 {[%mdl 512]} Qb5 (27... Qxc7 28. Qxe8+) 28. a4 {Accuracy: White = 40%, Black = 36%.} (28. Rff7 $142 Bd7 29. Rfxd7 Qxd7 30. Rxd7 Rf8 {[#]} 31. Qg4 $1 {[%mdl 576] Double Attack} Rf7 32. Rd8+ Kh7 33. Qxe4+ Rg6 34. Rd6) 1-0

[Event "Belt Road Women 2019"]
[Site "Shaoxing"]
[Date "2019.07.16"]
[Round "8.3"]
[White "Dzagnidze, Nana"]
[Black "Ushenina, Anna"]
[Result "1/2-1/2"]
[WhiteElo "2511"]
[BlackElo "2448"]
[Annotator "TA"]
[PlyCount "34"]
[EventDate "2019.07.08"]
[EventType "swiss"]
[EventCountry "CHN"]
[SourceTitle "playchess.com"]
[Source "ChessBase"]
[SourceQuality "1"]

{[%evp 15,34,-21,-19,-18,-8,-19,-35,-39,-12,-15,0,0,0,-13,-8,-23,0,0,2,-22,0]} 1. c4 e5 2. Nc3 Nf6 3. Nf3 Nc6 4. e3 Bb4 5. Qc2 Bxc3 6. Qxc3 Qe7 7. a3 d5 8. cxd5 Nxd5 9. Qb3 {A28: English Opening: Four Knights Variation} Nb6 10. d3 Bf5 11. Be2 {Black is slightly better.} O-O-O 12. O-O e4 13. dxe4 Bxe4 14. Qc3 Nd5 15. Qc4 Nb6 16. Qc3 Nd5 {[#]} 17. Qc4 $146 Nb6 1/2-1/2

[Event "Belt Road Women 2019"]
[Site "Shaoxing"]
[Date "2019.07.16"]
[Round "8.4"]
[White "Li, Xueyi"]
[Black "Munguntuul, Batkhuyag"]
[Result "0-1"]
[WhiteElo "2330"]
[BlackElo "2412"]
[Annotator "TA"]
[PlyCount "108"]
[EventDate "2019.07.08"]
[EventType "swiss"]
[EventCountry "CHN"]
[SourceTitle "playchess.com"]
[Source "ChessBase"]
[SourceQuality "1"]

{[%evp 15,108,7,14,5,15,14,14,9,16,16,16,16,14,0,4,-28,-42,-42,-42,-35,-37,-32,-23,-88,-2,-41,-33,-54,-58,-23,-26,-36,0,0,0,0,0,-3,0,-72,-67,-68,-58,-110,-99,-114,-115,-211,-211,-214,-202,-199,-207,-202,-216,-227,-227,-226,-226,-287,-264,-356,-141,-141,-141,-141,-141,-141,-141,-141,-141,-134,-132,-134,-131,-388,-381,-602,-585,-534,-522,-641,-599,-691,-471,-1386,-914,-29979,-29980,-29980,-29981,-29983,-29981,-29995,-29996]} 1. d4 d5 2. c4 c6 3. Nc3 Nf6 4. cxd5 cxd5 5. Nf3 Nc6 6. Bf4 Bf5 7. e3 e6 8. Qb3 Bb4 9. Ne5 {D14: Slav Defence: Exchange variation with ...Bf5} Bxc3+ 10. bxc3 Nxe5 11. Bxe5 {The position is equal.} O-O 12. Be2 Rc8 {[%cal Ba8c8,Bc8c6,Bc6b6,Bb6b3][%mdl 32]} 13. f3 Qa5 14. Rc1 Rc6 {[#]} 15. Kf2 $146 ({Much weaker is} 15. Qxb7 Rb6 $17) ({Predecessor:} 15. g4 Bg6 16. h4 h6 {0-1 (29) Svane,R (2595)-Vidit,S (2711) Douglas 2018}) 15... Rb6 $36 {[%mdl 2048] Black has some pressure.} 16. Bc7 Rxb3 {[%mdl 64] Discovered Attack} 17. Bxa5 Rb2 18. Rhd1 Rc8 {[#]} 19. Bb4 {[#]} (19. c4 $1 $11 {[%mdl 512]}) 19... b6 (19... Ng4+ $1 $17 {[%mdl 512]} 20. fxg4 Bxg4) 20. Kf1 Rxa2 21. c4 Ra4 22. cxd5 exd5 {Threatens to win with ...Rxc1.} 23. Be1 h6 24. g4 Be6 25. Ra1 Bd7 26. h4 Rc7 27. Rac1 (27. Bd3 $11) 27... Rxc1 $17 28. Rxc1 Ne8 29. Bd1 (29. g5 $15) 29... Ra3 30. Kf2 {[#]} a5 $1 31. e4 (31. g5 $17 {was worth a try.}) 31... dxe4 $19 32. fxe4 Nf6 33. e5 Nxg4+ 34. Bxg4 Bxg4 {[%mdl 4096] Endgame KRB-KRB} 35. Rb1 Rd3 36. Rxb6 a4 {[%cal Ba5a4,Ba4a3][%mdl 32]} ({But not} 36... Rxd4 37. Bxa5 Re4 38. Rb8+ Kh7 39. Bc3) 37. Rb4 a3 {aiming for ...a2.} 38. Ra4 {[#]} h5 $2 (38... Be6 $1 $19 {is more deadly. ...a2 is the strong threat.} 39. Ke2 Rh3) 39. Bb4 Rxd4 40. Ra8+ Kh7 41. Bxa3 Be6 42. Be7 Re4 43. Ra5 Kg6 44. Rc5 Kf5 45. Bf8 $2 {[%mdl 8192]} (45. Rc3 $17 {is a better defense.}) 45... Rxh4 46. Bxg7 (46. Rc3 $142 g5 47. Be7) 46... Rf4+ 47. Ke3 h4 48. Rc2 {If only White now had time for Rf2....} Re4+ 49. Kf2 Rg4 50. Bf6 (50. Bf8 $142 h3 51. Rc3 Rg2+ 52. Kf1 Kxe5 53. Bc5) 50... h3 {( -> ...Rg2+)} 51. Rc3 Rg2+ {Black mates.} 52. Kf1 Kg4 53. Be7 Rb2 54. Ra3 Bc4+ {Accuracy: White = 41%, Black = 71%.} 0-1

[Event "Belt Road Women 2019"]
[Site "Shaoxing"]
[Date "2019.07.16"]
[Round "8.5"]
[White "Tan, Zhongyi"]
[Black "Ni, Shiqun"]
[Result "1/2-1/2"]
[WhiteElo "2511"]
[BlackElo "2407"]
[Annotator "TA"]
[PlyCount "40"]
[EventDate "2019.07.08"]
[EventType "swiss"]
[EventCountry "CHN"]
[SourceTitle "playchess.com"]
[Source "ChessBase"]
[SourceQuality "1"]

{[%evp 15,40,32,14,11,29,-7,-6,-6,-6,-7,0,0,-2,-6,-9,-6,0,-6,0,0,0,0,0,0,0,0,0]} 1. d4 d5 2. c4 dxc4 3. e4 e5 4. Nf3 exd4 5. Bxc4 Bb4+ 6. Bd2 Bxd2+ 7. Nbxd2 Nc6 8. O-O Qf6 9. e5 {D20: Queen's Gambit Accepted: 3 e3 and 3 e4} Qg6 10. Bb5 (10. Nb3 Bh3 11. Nh4 Qg5 12. Qf3 Be6 13. Bxe6 fxe6 14. Qe4 O-O-O 15. Nf3 Qf5 16. Rfe1 Nh6 17. Nfxd4 Nxd4 18. Nxd4 Qxe4 19. Rxe4 Rhe8 20. Rc1 Rd5 21. Kf1 Nf5 {½-½ (21) Hammer,J (2629)-Vallejo Pons,F (2705) Palma de Mallorca 2017}) 10... Nge7 {The position is equal.} 11. Nxd4 $1 O-O 12. Bxc6 Nxc6 13. Nxc6 Qxc6 14. Rc1 {[#]} Qb5 $146 ({Predecessor:} 14... Qe6 15. Rxc7 {½-½ (34) Bublei,P (2387)-Lintchevski,D (2544) Sochi 2018}) 15. Rxc7 Qxe5 16. Qc1 Be6 17. Nf3 Qd5 18. Ng5 Rac8 {[#] And now ...Rxc7 would win.} 19. Nxe6 Qxe6 20. b3 h6 1/2-1/2

[Event "Belt Road Women 2019"]
[Site "Shaoxing"]
[Date "2019.07.16"]
[Round "8.6"]
[White "Girya, Olga"]
[Black "Zhang, Lanlin"]
[Result "1-0"]
[WhiteElo "2457"]
[BlackElo "2195"]
[Annotator "TA"]
[PlyCount "136"]
[EventDate "2019.07.08"]
[EventType "swiss"]
[EventCountry "CHN"]
[SourceTitle "playchess.com"]
[Source "ChessBase"]
[SourceQuality "1"]

{[%evp 16,136,58,39,53,41,60,33,63,0,0,0,11,5,9,6,8,0,91,71,85,55,91,35,49,2,174,-8,69,70,76,83,103,100,137,137,146,83,86,86,87,76,87,88,79,92,132,143,135,133,146,146,137,137,134,137,146,144,162,156,136,129,126,129,162,162,162,161,259,250,252,241,237,175,167,167,577,593,586,567,583,568,785,491,1209,1149,1193,1143,12246,0,0,0,0,0,0,0,29954,12171,5185,5293,29970,29971,29969,29973,29972,29973,29971,29972,29966,29938,1618,596,29982,29983,29983,29984,29986,29987,29987,29988,29990,29986,29991]} 1. d4 d5 2. c4 c6 3. Nf3 Nf6 4. Nc3 dxc4 5. a4 Bf5 6. e3 e6 7. Bxc4 Nbd7 8. O-O Bd6 9. Qe2 Bg6 {D18: Slav Defence: 5 a4 Bf5 6 e3} (9... Bg4 10. h3 Bxf3 11. Qxf3 O-O 12. Rd1 e5 13. Bb3 Qe7 14. Ne4 Nxe4 15. Qxe4 a5 16. g4 exd4 17. Qxe7 Bxe7 18. exd4 {½-½ (32) Kovacevic,V (2482)-Chernikov,O (2402) Rijeka 2011}) 10. e4 {aiming for e5.} e5 11. d5 (11. Rd1 $5 {[%cal Rd4e5]} Qe7 12. d5 $14) 11... O-O {White is slightly better.} 12. Bg5 (12. Rd1 $14 cxd5 13. Bxd5) 12... h6 $146 ({Predecessor:} 12... Qe7 13. Rfd1 Rfd8 14. a5 Nf8 15. a6 b5 16. Bb3 b4 17. Na4 cxd5 18. Bxd5 {0-1 (57) Badamkhand,N (1891)-Khulan,E (1772) Arvaikheer 2012}) 13. Bh4 Qa5 14. Rfd1 {Threatens to win with dxc6.} Bb4 15. dxc6 bxc6 16. Nd2 Bxc3 (16... Rfb8 $11 {remains equal.}) 17. bxc3 $16 Qxc3 18. f3 Nh5 19. Rac1 (19. Qf2 $16) 19... Qb4 $14 20. Ba6 Rab8 $2 (20... Nf4 $11 21. Qc4 Qxc4 22. Bxc4 Nb6) 21. Nf1 $2 (21. Nc4 $1 $18 Nf4 22. Qf1) 21... Ndf6 ({Black should try} 21... Nf4 $11 22. Qc4 Qxc4 23. Bxc4 Nb6) 22. Qc4 Qxc4 23. Bxc4 Rb2 24. Ne3 Rfb8 25. Be1 Nf4 26. Bc3 (26. Kf1 $142 $1) 26... Ne2+ $16 27. Bxe2 $1 Rxe2 28. Bxe5 Rb4 29. Nc2 Rc4 30. Nd4 Rxc1 31. Rxc1 Ra2 32. Bxf6 gxf6 {[%mdl 4096] Endgame KRB-KRN} 33. Rc4 $1 ({Don't do} 33. Rxc6 $6 Rxa4 34. Rd6 a5 $14) 33... c5 34. Nc6 Kf8 35. a5 f5 36. exf5 ({Don't play} 36. Rxc5 $6 fxe4 37. Re5 f6 $11) 36... Bxf5 37. Rxc5 Bd7 38. Nb4 Ra4 39. Nd5 a6 40. Nc7 Bc8 41. Kf2 Ke7 (41... Ra2+ {is a better defense.} 42. Kg3 Ra4) 42. Nd5+ $1 $18 {[%mdl 64] Discovered Attack} Kd6 43. Rxc8 Kxd5 {KR-KR} 44. Rh8 Rxa5 45. Rxh6 Ra1 $2 (45... Ke5 46. h4 Ra2+ 47. Kg3 a5) 46. Rf6 a5 47. Rxf7 a4 48. Ra7 a3 49. h4 Kc4 (49... a2 $142 50. h5 Ke5) 50. h5 a2 51. h6 Kb3 52. Rb7+ $2 ({Only move:} 52. g4 $1 $18 Rh1 53. g5) 52... Kc3 $11 53. Rc7+ Kb3 {White must now prevent ...Rf1+!} 54. Rb7+ $2 {[%mdl 8192]} (54. Ra7 $11 Rh1 55. f4) 54... Kc3 55. Ra7 Kb3 $1 {[#] intending ...Rh1.} 56. g4 $1 Rh1 57. g5 Rh4 {[#]} 58. Rxa2 $1 {[%mdl 512]} Kxa2 {KR-K3P} 59. Kg3 Rh1 60. Kg4 Kb3 61. Kf5 Kc4 62. Kg6 Kd5 63. f4 (63. Kg7 $142 {Strongly threatening h7.} Ke6 64. g6) 63... Ke6 64. f5+ {White mates.} Ke7 65. Kg7 Rh5 66. f6+ Ke6 67. g6 Rf5 68. h7 Kd5 {Accuracy: White = 70%, Black = 37%.} 1-0

[Event "Belt Road Women 2019"]
[Site "Shaoxing"]
[Date "2019.07.16"]
[Round "8.7"]
[White "Zhu, Jiner"]
[Black "Soumya, Swaminathan"]
[Result "1-0"]
[WhiteElo "2454"]
[BlackElo "2402"]
[Annotator "TA"]
[PlyCount "83"]
[EventDate "2019.07.08"]
[EventType "swiss"]
[EventCountry "CHN"]
[SourceTitle "playchess.com"]
[Source "ChessBase"]
[SourceQuality "1"]

{[%evp 28,97,0,20,43,29,55,44,54,56,78,77,110,50,263,260,259,252,452,0,0,0,428,438,426,404,495,495,502,454,510,498,523,340,436,345,589,522,479,491,433,451,447,415,589,589,606,598,600,592,904,896,883,875,1069,1054,1097,1085,981,927,4132,4670,2264,2014,1744,1679,1483,1357,1338,1177,1122,894]} 1. e4 c5 2. Nf3 Nc6 3. d4 cxd4 4. Nxd4 Nf6 5. Nc3 d6 6. Bg5 e6 7. Qd2 a6 8. O-O-O Bd7 9. f4 b5 10. Bxf6 gxf6 11. Nxc6 Bxc6 12. Qe1 Be7 13. Bd3 Qb6 14. Kb1 b4 15. Ne2 Qc5 {B67: Sicilian: Richter-Rauzer: 7...a6 8 0-0-0 Bd7, lines without 9 f4 Be7} ({Predecessor:} 15... a5 16. f5 e5 17. Ng3 {1-0 (24) Pillhock,U-Cizek,A ICCF corr 1990}) 16. f5 e5 17. Ng3 a5 {White is slightly better.} 18. Qe2 $146 (18. b3 a4 19. Bc4 h5 20. Qe2 h4 21. Nf1 {1-0 (33) Bok,B (2586)-Karthikeyan,M (2509) Khanty-Mansiysk 2015}) 18... a4 19. Bc4 h5 20. Nxh5 (20. h4 $1 $16) 20... Rxh5 $2 {[#]} (20... Rc8 $1 $14) 21. Bxf7+ $1 $18 {[%mdl 512]} Kxf7 22. Qxh5+ Kf8 $2 (22... Kg8) 23. Qh8+ Kf7 24. Qh5+ $1 Kf8 $1 {[#]} 25. Rd3 $1 {[%cal Rd3g3] White threatens Rg3 and mate.} ({Less strong is} 25. Qh8+ Kf7 $18) 25... Bxe4 {[#]} 26. Rg3 $1 {Intending Qh8+ and mate.} ({Weaker is} 26. Qh8+ Kf7 $18) 26... Qxc2+ 27. Ka1 {Threatening mate with Qh8+.} Bxf5 28. Qh8+ Kf7 29. Qxa8 {[%csl Gg3][%cal Ra8g8]} Ke6 30. Qg8+ Kd7 31. Qd5 Qc5 $2 (31... a3 32. Qb7+ Ke6 33. Qxb4 d5 34. Qb6+ Kf7 35. bxa3 Qc8) 32. Qxc5 dxc5 33. h4 Ke6 34. h5 Bf8 35. Rf1 {Strongly threatening Rgf3.} Be4 (35... Bh7 {was necessary.} 36. h6 f5) 36. Rg8 {White is clearly winning.} Bh6 37. Re8+ Kf7 38. Rxe5 {[%mdl 64] Double Attack} Bxg2 39. Rf2 Bh3 40. Rxc5 a3 41. bxa3 bxa3 42. Rc7+ {Played: Rf2-f3} 1-0

[Event "Belt Road Women 2019"]
[Site "Shaoxing"]
[Date "2019.07.16"]
[Round "8.8"]
[White "Munkhzul, Turmunkh"]
[Black "Pratyusha, Bodda"]
[Result "1-0"]
[WhiteElo "2386"]
[BlackElo "2265"]
[Annotator "TA"]
[PlyCount "51"]
[EventDate "2019.07.08"]
[EventType "swiss"]
[EventCountry "CHN"]
[SourceTitle "playchess.com"]
[Source "ChessBase"]
[SourceQuality "1"]

{[%evp 19,51,29,50,-6,0,-40,0,0,4,15,17,0,0,0,7,0,15,8,8,0,21,-76,-47,-97,-94,-97,-56,-45,0,26,550,550,1025,895]} 1. e4 c5 2. Nf3 d6 3. d4 cxd4 4. Nxd4 Nf6 5. Nc3 a6 6. Bg5 e6 7. f4 h6 8. Bh4 Be7 9. Qf3 Qc7 10. O-O-O Nc6 11. Bf2 {B98: Sicilian Najdorf: 6 Bg5 e6 7 f4 Be7, sidelines} (11. Be2 $14) (11. Be2 g5 12. fxg5 Ne5 13. Qg3 Rg8 14. Nf3 Nxf3 15. Qxf3 hxg5 16. Bg3 Nd7 17. Rhf1 Rf8 18. Qh5 Ne5 19. Qh7 Bd7 20. Bh5 O-O-O 21. Bxe5 dxe5 22. Bxf7 {1-0 (42) Khruschiov,A (2408)-Gritsenko,A (2401) Peterhof 2009}) 11... Bd7 $11 12. h3 Nxd4 13. Bxd4 {The position is equal.} Bc6 14. Bd3 b5 $146 {[%cal Bb7b5,Bb5b4][%mdl 32]} ({Predecessor:} 14... O-O-O 15. Qe3 Rdg8 16. Kb1 Nd7 17. Qf2 Bf6 18. Rhe1 Qa5 {1-0 (83) Olape,B (2245)-Mucongoma,M Maputo 2011}) 15. Kb1 Qb7 16. Rde1 b4 17. Nd1 a5 18. g4 a4 19. Rhf1 $36 {[%mdl 2048] And now g5 would win. White is pushing.} d5 20. e5 (20. exd5 $1 $11 Nxd5 21. Qg3) 20... Ne4 $17 {[#] Threatens to win with ...Nd2+.} 21. Re2 O-O 22. f5 {Threatening f6.} Bg5 23. f6 g6 (23... b3 $15 24. fxg7 Kxg7) 24. h4 $1 $11 {[%cal Rh4g5]} Nc3+ $2 {[%mdl 8192] [#]} (24... Bxh4 $11 25. Qh3 g5) 25. Bxc3 $18 (25. bxc3 {gets mated.} bxc3+ 26. Bb6 Qxb6+ 27. Ka1 Rfb8 28. Bb5 Qxb5 29. hxg5 Qb1#) 25... bxc3 26. hxg5 {Accuracy: White = 55%, Black = 57%.} 1-0